Estadísticas para Nombra los 10 mejores equipos nacionales de fútbol del mundo 2024

Haz click aquí para intentar la prueba.

Estadísticas generales

  • Esta prueba ha sido intentada 76 veces
  • La puntuación promedio es 9 de 10

Estadísticas de respuestas

HintRespuesta% Correcto
1Argentina
98%
8España
98%
2Francia
97%
5Brasil
95%
3Inglaterra
89%
9Italia
89%
4Bélgica
88%
6Países Bajos
85%
7Portugal
82%
10Croacia
66%

Distribución de puntuación

Porcentaje por número respondido

Porcentaje de gente con cada puntuación

Historial de tus puntuaciones

No has intentado esta prueba.